La educación preescolar en zonas marginadas. La ambientación del jardín comunitario

محفوظ في:
التفاصيل البيبلوغرافية
المؤلف الرئيسي: Valdespino Echauri, Leticia (مؤلف)
التنسيق: كتاب
اللغة:الإسبانية
منشور في: Ciudad de México Trillas 1990
الطبعة:2a. ed
سلاسل:Serie Pedagogía Para la Primera Infancia, 5
الموضوعات:
الوسوم: إضافة وسم
لا توجد وسوم, كن أول من يضع وسما على هذه التسجيلة!

MARC

LEADER 00000nam a2200000 a 4500
001 UCI3032
003 CL-VaPUC
008 071012e19900000MX |||||||||||||||||spa|d
020 |a 9682435870 
082 0 4 |a 372.21  |b VAL  |2 21 
100 0 |a Valdespino Echauri, Leticia  |e author  |9 524360 
245 1 3 |a La educación preescolar en zonas marginadas. La ambientación del jardín comunitario 
250 |a 2a. ed 
300 |a 81 p 
942 |c BK 
945 |d 20071012 00:00:00  |a rbrito 
260 |a Ciudad de México  |b Trillas  |c 1990 
650 0 |a Educación preescolar  |9 260381 
650 0 |a Jardines infantiles  |9 307427 
650 0 |a Desarrollo comunitario  |9 310436 
650 0 |a Política social  |9 257588 
650 7 |a SOLIDARIDAD SOCIAL  |2 CL-VaPUC  |9 351073 
650 7 |a CAMBIO SOCIOCULTURAL  |2 CL-VaPUC  |9 340495 
583 |a last modification  |c 20071012 00:00:00  |k Rodrigo Vera 
490 0 |a Serie Pedagogía Para la Primera Infancia, 5 
999 |c 327428  |d 327426 
952 |0 0  |1 0  |4 0  |6 372_210000000000000_VAL_1990  |7 0  |8 P  |9 410252  |a BIBEDU  |b BIBEDU  |c BIBEDU_PB  |d 2019-11-22  |i 4378695  |o 372.21 VAL 1990  |p 4378695  |r 2024-01-25  |w 2019-11-22  |y BK  |k EPE 
952 |0 0  |1 0  |4 0  |6 372_210000000000000_VAL_1990  |7 0  |8 P  |9 410253  |a BIBEDU  |b BIBEDU  |c BIBEDU_PB  |d 2019-11-22  |i 4435060  |o 372.21 VAL 1990  |p 4435060  |r 2024-01-25  |w 2019-11-22  |y BK  |k PAR